000 00689nam a2200277Ia 4500
005 20260121124600.0
008 008 260114s9999 xx 000 0 eng d
020 _a9781474422673
037 _aEBOOK
040 _aCRL
040 _beng
040 _cCRL
041 _2eng
041 _aeng
084 _qCRL
100 _aThomassen, Lasse
_9978421
245 0 _aBritish Multiculturalism and the Politics of Representation
260 _bWalter de Gruyter
260 _bWalter de Gruyter
260 _c2017
650 _aPhilosophy
_9978422
856 _uhttp://www.degruyter.com/isbn/9781474422673
942 _cEBOOK
999 _c1555664
_d1555664